| 000 | 00447pam a2200157 a 4500 | ||
|---|---|---|---|
| 020 |
_a9781439803363 _c |
||
| 041 | _h | ||
| 082 |
_a615.191 _bNUS |
||
| 100 | _aNusim, Stanley N. | ||
| 245 |
_aActive Pharmaceutical Ingredients : Development, Manufacturing, And Regulation _hTextual Documents |
||
| 250 | _a2nd ed. | ||
| 260 |
_aLondon _bInforma Healthcare |
||
| 300 | _a433. | ||
| 653 | _aPharmaceutics(Manufacture & Preparation) | ||
| 930 | _a1072 | ||
| 999 |
_c74370 _d74370 |
||